<?xml version="1.0" encoding="UTF-8"?>
<record
    xmlns:xsi="http://www.w3.org/2001/XMLSchema-instance"
    xsi:schemaLocation="http://www.loc.gov/MARC21/slim http://www.loc.gov/standards/marcxml/schema/MARC21slim.xsd"
    xmlns="http://www.loc.gov/MARC21/slim">

  <leader>02675nam a2200289 i 4500</leader>
  <controlfield tag="003">DO-SdBPM</controlfield>
  <controlfield tag="005">20260209090908.0</controlfield>
  <controlfield tag="007">ta</controlfield>
  <controlfield tag="008">230616b2002    dr ||||| |||| 00| 0 spa d</controlfield>
  <datafield tag="020" ind1=" " ind2=" ">
    <subfield code="a">9993425389</subfield>
  </datafield>
  <datafield tag="040" ind1=" " ind2=" ">
    <subfield code="a">DO-SdBPM</subfield>
    <subfield code="b">spa</subfield>
    <subfield code="c">BPMSU</subfield>
    <subfield code="e">rda</subfield>
    <subfield code="d"> </subfield>
  </datafield>
  <datafield tag="082" ind1=" " ind2="4">
    <subfield code="a">302.14</subfield>
    <subfield code="b"> P273c 2002</subfield>
    <subfield code="2">22</subfield>
  </datafield>
  <datafield tag="245" ind1="0" ind2="0">
    <subfield code="a">Participaci&#xF3;n ciudadana y descentralizaci&#xF3;n en Am&#xE9;rica Latina :</subfield>
    <subfield code="b">avances, problemas, desafios y pr&#xE1;cticas ejemplares /</subfield>
    <subfield code="c">editor, Ram&#xF3;n Tejada Holgu&#xED;n</subfield>
  </datafield>
  <datafield tag="264" ind1=" " ind2=" ">
    <subfield code="a">Santo Domingo :</subfield>
    <subfield code="b">Instituto Interamericano de Desarrollo Social </subfield>
    <subfield code="b">}Banco Interamericano de Desarrollo :</subfield>
    <subfield code="b"> Instituto Tecnol&#xF3;gico de Santo Domingo,  </subfield>
    <subfield code="c">2002.</subfield>
  </datafield>
  <datafield tag="300" ind1=" " ind2=" ">
    <subfield code="a">346 p&#xE1;ginas ;</subfield>
    <subfield code="b"> ilustraciones, </subfield>
    <subfield code="c">22 cm.</subfield>
  </datafield>
  <datafield tag="336" ind1=" " ind2=" ">
    <subfield code="2">rdacontent</subfield>
    <subfield code="a">texto</subfield>
    <subfield code="b">txt</subfield>
  </datafield>
  <datafield tag="337" ind1=" " ind2=" ">
    <subfield code="2">rdamedia</subfield>
    <subfield code="a">sin mediaci&#xF3;n</subfield>
    <subfield code="b">n</subfield>
  </datafield>
  <datafield tag="338" ind1=" " ind2=" ">
    <subfield code="2">rdacarrier</subfield>
    <subfield code="a">volumen</subfield>
    <subfield code="b">nc</subfield>
  </datafield>
  <datafield tag="500" ind1=" " ind2=" ">
    <subfield code="a">Incluye referencias bibliogr&#xE1;ficas y notas al pie de las p&#xE1;ginas</subfield>
  </datafield>
  <datafield tag="505" ind1="0" ind2=" ">
    <subfield code="a">Estado y descentralizaci&#xF3;n en Am&#xE9;rica Latina 23 -- La descentralizaci&#xF3;n y el nuevo Estado / Fernando Calder&#xF3;n 25 -- Descentralizaci&#xF3;n y gobernabilidad democr&#xE1;tica en Am&#xE9;rica Latina. (Nota e hip&#xF3;tesis para la discusi&#xF3;n) / Wilfredo Lozano 57 -- Municipalidad, descentralizaci&#xF3;n y participaci&#xF3;n en Rep&#xFA;blica Dominicana 97 -- Las reformas econ&#xF3;micas / Isidoro Santana 99 -- Proyecto de ordenamiento territorial y descentralizaci&#xF3;n de la funci&#xF3;n p&#xFA;blica / Tirso Mej&#xED;a Ricart 113 -- La descentralizaci&#xF3;n y la reforma del sector salud en la Rep&#xFA;blica Dominicana / Bernardo Mat&#xED;as 135 -- Participaci&#xF3;n ciudadana y reformas pol&#xED;ticas / Javier Cabreja 145 -- Provincias y regiones : consideraciones en torno a la divisi&#xF3;n y organizaci&#xF3;n territorial / Pedro Hern&#xE1;ndez Paulino 159 -- Los ocho desaf&#xED;os de la autonom&#xED;a municipal / Faustino Collado 179 -- Ley de participaci&#xF3;n social y ciudadana de la Rep&#xFA;blica Dominicana / Jos&#xE9; Angel Aquino 185 -- Experiencias de &#xE9;xitos en Am&#xE9;rica Latina 207 -- Dos experiencias latinoamericanas de b&#xFA;squeda deliberativa / Fernando Calder&#xF3;n 209 -- Poder local y ciudadan&#xED;a; experiencia del presupuesto participativo de Puerto Alegre / Luciano Fedozzi 229 -- La ense&#xF1;anza del enfoque y herramientas de la gerencia social en el nivel municipal. Bases de una propuesta curricular / Isabel Licha 277 -- Conclusiones de los grupos de trabajo 295 -- Anteproyecto de Ley de participaci&#xF3;n de la Rep&#xFA;blica Dominicana 311</subfield>
  </datafield>
  <datafield tag="590" ind1=" " ind2=" ">
    <subfield code="a">Inventariado, 2026/VM</subfield>
  </datafield>
  <datafield tag="650" ind1=" " ind2="7">
    <subfield code="a">Participaci&#xF3;n  social </subfield>
    <subfield code="z">Am&#xE9;rica Latina</subfield>
  </datafield>
  <datafield tag="650" ind1=" " ind2="7">
    <subfield code="a"> Descentralizaci&#xF3;n administrativa </subfield>
    <subfield code="z">Am&#xE9;rica Latina</subfield>
  </datafield>
  <datafield tag="700" ind1="1" ind2=" ">
    <subfield code="a">Tejada Holgu&#xED;n, Ram&#xF3;n,</subfield>
    <subfield code="d">1961-</subfield>
    <subfield code="e">editor</subfield>
  </datafield>
  <datafield tag="910" ind1=" " ind2=" ">
    <subfield code="a">VMateo V. Control de calidad. BPMSU </subfield>
  </datafield>
  <datafield tag="942" ind1=" " ind2=" ">
    <subfield code="2">ddc</subfield>
    <subfield code="c">BK</subfield>
  </datafield>
  <datafield tag="952" ind1=" " ind2=" ">
    <subfield code="0">0</subfield>
    <subfield code="1">0</subfield>
    <subfield code="2">ddc</subfield>
    <subfield code="7">0</subfield>
    <subfield code="8">CD</subfield>
    <subfield code="a">BPMET</subfield>
    <subfield code="b">BPMET</subfield>
    <subfield code="d">2026-02-09</subfield>
    <subfield code="l">0</subfield>
    <subfield code="o">BPMSU CD 302.14  P273c 2002</subfield>
    <subfield code="p">BPMSU26020046</subfield>
    <subfield code="r">2026-02-09</subfield>
    <subfield code="w">2026-02-09</subfield>
    <subfield code="y">BK</subfield>
  </datafield>
  <datafield tag="952" ind1=" " ind2=" ">
    <subfield code="0">0</subfield>
    <subfield code="1">0</subfield>
    <subfield code="2">ddc</subfield>
    <subfield code="7">0</subfield>
    <subfield code="8">CD</subfield>
    <subfield code="a">BPMET</subfield>
    <subfield code="b">BPMET</subfield>
    <subfield code="d">2026-02-09</subfield>
    <subfield code="l">0</subfield>
    <subfield code="o">BPMSU CD 302.14  P273c 2002</subfield>
    <subfield code="p">BPMSU26020047</subfield>
    <subfield code="r">2026-02-09</subfield>
    <subfield code="t">e.2</subfield>
    <subfield code="w">2026-02-09</subfield>
    <subfield code="y">BK</subfield>
  </datafield>
  <datafield tag="952" ind1=" " ind2=" ">
    <subfield code="0">0</subfield>
    <subfield code="1">0</subfield>
    <subfield code="2">ddc</subfield>
    <subfield code="7">0</subfield>
    <subfield code="8">CD</subfield>
    <subfield code="a">BPMET</subfield>
    <subfield code="b">BPMET</subfield>
    <subfield code="d">2026-02-09</subfield>
    <subfield code="l">0</subfield>
    <subfield code="o">BPMSU CD 302.14  P273c 2002</subfield>
    <subfield code="p">BPMSU26020048</subfield>
    <subfield code="r">2026-02-09</subfield>
    <subfield code="t">e.3</subfield>
    <subfield code="w">2026-02-09</subfield>
    <subfield code="y">BK</subfield>
  </datafield>
  <datafield tag="999" ind1=" " ind2=" ">
    <subfield code="c">15671</subfield>
    <subfield code="d">15671</subfield>
  </datafield>
</record>
